000
00398nam a22001697a 4500
003
MPLRDC
005
20220104144016.0
008
210129b ||||| |||| 00| 0 eng d
082
_a
590.8 WYS
100
_a
王义山
245
_a
海陆空军事趣闻大观
_c
250
_a
初版
260
_a
_b
海潮出版社
_c
1990
300
_b
平
650
_a
各国军事
942
_c
BK
_o
590.8 WYS
999
_c
45487
_d
45477